000 00744nam a22002057a 4500
005 20241017062520.0
008 160318b xxu||||| |||| 00| 0 eng d
020 _a978-1-84392-760-0
082 _22010
_aDC 363.23
_bIn81
245 _aInternational police cooperation:
_bemerging issues, theory and practice/
_cEdited by Frederic Lemieux.
260 _aUK:
_bWillan Publishing House,
_c©2010.
300 _axviii, 366 pages;
_c23 cm.
500 _aIncludes index.
650 0 _93919
_aPolice
_xInternational cooperation
650 0 _93920
_aLaw enforcement
_xInternational cooperation
650 0 _aCrime prevention.
_xInternational cooperation
_93921
700 _93924
_aLemieux, Frederic
_eEditor
365 _b4,792.00
_cPhp
942 _2ddc
_cDC
999 _c1327
_d1327